[Event "Goodricke op 08th"]
[Site "Kolkata"]
[Date "1997.??.??"]
[Round "9"]
[White "Neelakantan, Narayanan"]
[Black "Gokhale, Jayant Suresh"]
[Result "1-0"]
[WhiteElo "2255"]
[BlackElo "2320"]
[PlyCount "74"]
[EventDate "1997.02.??"]
[EventType "swiss"]
[EventRounds "11"]
[EventCountry "IND"]
[SourceTitle "CBM 056 Extra"]
[Source "ChessBase"]
[SourceDate "1997.03.01"]
[SourceVersion "1"]
[SourceVersionDate "1997.03.01"]
[SourceQuality "1"]

1. e4 c5 2. Nc3 e6 3. f4 d5 4. Nf3 a6 5. g3 g6 6. Qe2 d4 7. Nd1 f6 8. h4 Ne7 9. h5 Bg7 10. Nf2 Nbc6 11. d3 Bd7 12. h6 Bf8 13. Ng4 Ng8 14. f5 gxf5 15. exf5 Qe7 16. fxe6 Qxe6 17. Bh3 Qxe2+ 18. Kxe2 Bd6 19. Bf4 Bxf4 20. gxf4 Nb4 21. Kd2 Nd5 22. Rae1+ Kf8 23. f5 Nge7 24. Nh4 Re8 25. Rhf1 Rg8 26. Ne5 Bc8 27. Nhg6+ hxg6 28. h7 Rh8 29. Nxg6+ Kf7 30. Nxh8+ Rxh8 31. Rh1 Ne3 32. Reg1 Rxh7 33. Bg2 Rxh1 34. Bxh1 N7xf5 35. Be4 Nd6 36. Rh1 Bd7 37. Rh7+ Ke6 1-0

[Event "Goodricke op 08th"]
[Site "Kolkata"]
[Date "1997.??.??"]
[Round "11"]
[White "Ravi, Thandalam Shanmugam"]
[Black "Gokhale, Jayant Suresh"]
[Result "0-1"]
[WhiteElo "2400"]
[BlackElo "2320"]
[PlyCount "52"]
[EventDate "1997.02.??"]
[EventType "swiss"]
[EventRounds "11"]
[EventCountry "IND"]
[SourceTitle "CBM 056 Extra"]
[Source "ChessBase"]
[SourceDate "1997.03.01"]
[SourceVersion "1"]
[SourceVersionDate "1997.03.01"]
[SourceQuality "1"]

1. e4 c5 2. c3 e6 3. d4 d5 4. exd5 exd5 5. Nf3 Bd6 6. dxc5 Bxc5 7. Bb5+ Nc6 8. 0-0 Nge7 9. Nbd2 0-0 10. Nb3 Bd6 11. Nfd4 Qc7 12. g3 a6 13. Bd3 Ne5 14. Be2 Bh3 15. Re1 Rad8 16. f4 Nc4 17. Bg4 Bxg4 18. Qxg4 Nc6 19. f5 N6e5 20. Qh4 Be7 21. Bg5 Bxg5 22. Qxg5 Qb6 23. Kg2 Rfe8 24. Re2 Nd3 25. Rxe8+ Rxe8 26. Kh3 Ne3 0-1

[Event "Goodricke op 07th"]
[Site "Kolkata"]
[Date "1996.??.??"]
[Round "10"]
[White "Gokhale, Jayant Suresh"]
[Black "Imocha, Laisram"]
[Result "1-0"]
[WhiteElo "2375"]
[BlackElo "2300"]
[PlyCount "55"]
[EventDate "1996.02.??"]
[EventType "swiss"]
[EventRounds "11"]
[EventCountry "IND"]
[SourceTitle "CBM 050 Extra"]
[Source "ChessBase"]
[SourceDate "1996.03.01"]
[SourceVersion "1"]
[SourceVersionDate "1996.03.01"]
[SourceQuality "1"]

1. d4 d5 2. c4 e6 3. Nc3 c6 4. e4 dxe4 5. Nxe4 Bb4+ 6. Bd2 Qxd4 7. Bxb4 Qxe4+ 8. Be2 c5 9. Bxc5 Qxg2 10. Bf3 Qg5 11. Be3 Qa5+ 12. Bd2 Qc7 13. Bc3 Nf6 14. Ne2 Nbd7 15. Rg1 Rg8 16. Qa4 Kf8 17. 0-0-0 a5 18. Rg5 e5 19. Qa3+ Ke8 20. Nd4 exd4 21. Re1+ Ne5 22. Rgxe5+ Be6 23. Bxd4 Qxc4+ 24. Bc3 Nd7 25. Bd5 Qc5 26. Qb3 Nxe5 27. Rxe5 Qc7 28. Bxe6 1-0